| 000 | 01225nam a2200325 i 4500 | ||
|---|---|---|---|
| 001 | 000048629 | ||
| 003 | DO-SdBNP | ||
| 005 | 20240412074307.0 | ||
| 007 | ta | ||
| 008 | 190403s2015 dr 000 0 spa d | ||
| 020 | _a9789945418361 | ||
| 040 |
_aDO-SdBNP _bspa _cBNPHU _erda |
||
| 082 | 4 |
_aH861.5 _bA111L _222 |
|
| 245 | 1 | 0 |
_aA la zaga de su huella : _bantología poética del interiorismo / _c [compiladores], Bruno Rosario Candelier, Ramón Antonio Jiménez. |
| 264 |
_aMoca, República Dominicana : _bAteneo Insular Internacional, _c2015. |
||
| 300 |
_a397 páginas ; _c23 cm |
||
| 336 |
_2rdacontent _atexto _btxt |
||
| 337 |
_2rdamedia _asin mediación _bn |
||
| 338 |
_2rdacarrier _avolumen _bnc |
||
| 490 | 0 |
_aEn la interior bodega ; _v9 |
|
| 500 | _aIncluye datos biográficos de los compiladores en las solapas | ||
| 590 | _aInvenentariado, 2019/VM | ||
| 650 | 0 |
_aLiteratura dominicana. _967 |
|
| 650 | 4 |
_934240 _aPoesía hispanoamericana |
|
| 650 | 4 |
_aInteriorismo literario (Movimiento literario) _984690 |
|
| 700 | 1 |
_aJiménez, Ramón Antonio, _912301 _ecompilador |
|
| 700 | 1 |
_aRosario Candelier, Bruno, _d1941- _ecompilador _9851 |
|
| 910 | _aValidado. Control de calidad MFF | ||
| 942 |
_2ddc _cLBS1 |
||
| 999 |
_c48117 _d48117 |
||